000 00752nam a2200265 i 4500
001 C2-0191086
003 PPAK
005 20180728095745.0
008 990104s1997 my a|||| ||||| | may d
020 _a9830240886
040 _aPPAK
_beng
_cPPAK
_erda
082 0 4 _a899.233
_2 23
090 0 0 _a899.233
_bRAJ
_dK
100 0 _aRaja Yusof Ariffin,
_eauthor
245 1 0 _aBangsal di tepi pantai
264 1 _aPetaling Jaya, Selangor :
_bVital Star ,
_c1997
300 _a95 pages :
_billustrations ;
_c19 cm
336 _2rdacontent
_atext
337 _2rdamedia
_aunmediated
338 _2rdacarrier
_avolume
490 1 _aSiri novel aneka jenis
650 1 0 _aChildren's stories, Malay
830 0 _aSiri novel aneka jenis
942 _ddc
_cB
999 _c156305
_d156305